00997nab a2200301 uc450000100070000000500170000700800410002403500110006503500210007604000130009704100080011010000450011824500600016365000360022365000290025965000200028865000200030865000260032865000340035465000410038865000260042965000370045570000470049270000360053977300910057594200100066699900190067676400620250312093136.0020729e19991201 spa  a764006 a(OCoLC)819982822 ccomduadb aspa10aBolivar Martinez, L.E.4auteaut935888710aEstructura electronica de nuevos materiales : melaninas aEstructura electrónica910138 aNuevos materiales957357 aMelanina913391 aMelanoma936479 7aPigmentos2lemb92441 7aRadicales libres2desc920225 aPropiedades optoelectronicas9173600 aPigmentación922685 7aTeoría cuántica2lemb92266810aPerez Merchancano, S. T.4auteaut952972610aGalvao, D. S.4auteaut93588970 tUnicauca Ciencia (Popayán)gVol. 04, Dic. 1999, p. 97-102w763598x0122-60370253244 cARIMP c248510d248510